| 000 | 00645nam a2200217 a 4500 | ||
|---|---|---|---|
| 999 |
_c6415 _d6415 |
||
| 001 | 6415 | ||
| 003 | BD-JhCC | ||
| 005 | 20180123090206.0 | ||
| 008 | 180123s1981 bg |||| ||a| 000 0 ben d | ||
| 035 | _a(BD-JhCC)6415 | ||
| 040 |
_aBD-JhCC _dBD-JhCC |
||
| 041 | _aben | ||
| 082 |
_a297.05 _bSHA 1981 |
||
| 100 | _aশামী, মুহিউদ্দীন | ||
| 245 |
_aসিয়াম ও রমযান / _cমুহিউদ্দীন শামী |
||
| 260 |
_aঢাকা : _bইসলামিক ফাউন্ডেশন, _c1981. |
||
| 300 |
_a99 p. : _c21 cm. |
||
| 650 | _aRamadan | ||
| 942 |
_2ddc _cBK |
||